000 00822cam a2200217 a 4500
001 000010561
005 20200929162241.0
008 760514s1975 pr b 000 0 spa
040 _aDO-SdBNP
_bspa
_cLC
_dBNPHU
082 _a972.75
_bA634
245 0 0 _aAntología del pensamiento puertorriqueño 1900-1970 /
_cselección, introducción y notas Eugenio Fernández Méndez.
260 _a[Río Piedras, P.R.] :
_bUniversitaria,
_c1975.
300 _a2 v. ;
_c23 cm.
505 0 _gv.1.
_tVida e historia.
_tLa cultura como problema --
505 0 _gv.2.
_tArte, historia y lenguaje.
_tHacia nuestra "paideia" --
651 4 _aPuerto Rico
_xCivilización
_913570
651 4 _aPuerto Rico
_xHistoria
_91079
700 1 _aFernández Méndez, Eugenio,
_eintrod.
_916240
910 _aCatalogación por copia / LC
049 _aBNGR
999 _c10319
_d10319